| 000 | 01379nam a2200241Ia 4500 | ||
|---|---|---|---|
| 999 |
_c53284 _d53284 |
||
| 001 | 20325 | ||
| 003 | GE_BSU | ||
| 005 | 20200910205033.0 | ||
| 008 | 181216s1953||||ge |||||||||||||| ||geo|| | ||
| 040 | _cGE_BSU | ||
| 041 | _ageo | ||
| 080 | _a811.353.1(072) + 821.353.1(072) მ-36 | ||
| 245 |
_aმასწავლებელთა გამოცდილებიდან : _bქართული ენა და ლიტერატურა / _cრედ. ვლ. მახარაძე. |
||
| 264 |
_aთბილისი : _bინსტიტუტის გამომცემლობა, _c1953. |
||
| 300 |
_a161 გვ. ; _c22 სმ. |
||
| 490 | _a(პედაგოგიური კითხვის სერია) | ||
| 541 | _h80თ. | ||
| 653 | _aქართული ენის სწავლების მეთოდიკა | ||
| 653 | _aქართული ლიტერატურის სწავლების მეთოდიკა | ||
| 700 |
_aმახარაძე, ვლ. _eრედაქტორი _99517 |
||
| 710 |
_aსაქართველოს სსრ განათლების სამინისტრო _e პედაგოურ მეცნიერებათა სამეცნიერო-საკვლევი ინსტიტუტი _99518 |
||
| 942 |
_cBK _2udc |
||